Bhshasahithya charitham part I (Record no. 124669)
[ view plain ]
| 000 -LEADER | |
|---|---|
| fixed length control field | 00579nam a2200229Ia 4500 |
| 003 - CONTROL NUMBER IDENTIFIER | |
| control field | OSt |
| 005 - DATE AND TIME OF LATEST TRANSACTION | |
| control field | 20240903153803.0 |
| 008 - FIXED-LENGTH DATA ELEMENTS--GENERAL INFORMATION | |
| fixed length control field | 210210b1944 xxu||||| |||| 00| 0 eng d |
| 040 ## - CATALOGING SOURCE | |
| Transcribing agency | AL |
| 041 ## - LANGUAGE CODE | |
| Language code of text/sound track or separate title | Malayalam |
| 082 ## - DEWEY DECIMAL CLASSIFICATION NUMBER | |
| Classification number | 876/15 |
| 100 ## - MAIN ENTRY--PERSONAL NAME | |
| Personal name | - |
| 9 (RLIN) | 178629 |
| 245 ## - TITLE STATEMENT | |
| Title | Bhshasahithya charitham part I |
| Remainder of title | ഭാഷാസാഹിത്യ ചരിതം |
| 260 ## - PUBLICATION, DISTRIBUTION, ETC. | |
| Name of publisher, distributor, etc. | - |
| Date of publication, distribution, etc. | 1944 |
| 650 ## - SUBJECT ADDED ENTRY--TOPICAL TERM | |
| Topical term or geographic name entry element | part |
| 9 (RLIN) | 178630 |
| 650 ## - SUBJECT ADDED ENTRY--TOPICAL TERM | |
| Topical term or geographic name entry element | I |
| 9 (RLIN) | 178631 |
| 650 ## - SUBJECT ADDED ENTRY--TOPICAL TERM | |
| Topical term or geographic name entry element | charitham |
| 9 (RLIN) | 178632 |
| 650 ## - SUBJECT ADDED ENTRY--TOPICAL TERM | |
| Topical term or geographic name entry element | Bhshasahithya |
| 9 (RLIN) | 178633 |
| 690 ## - LOCAL SUBJECT ADDED ENTRY--TOPICAL TERM (OCLC, RLIN) | |
| Topical term or geographic name as entry element | Malayalam |
| 9 (RLIN) | 178634 |
| 906 ## - LOCAL DATA ELEMENT F, LDF (RLIN) | |
| a | 002697 |
| 942 ## - ADDED ENTRY ELEMENTS (KOHA) | |
| Source of classification or shelving scheme | Dewey Decimal Classification |
| Koha item type | Book |
| Withdrawn status | Lost status | Damaged status | Not for loan | Collection code | Home library | Current library | Date acquired | Cost, normal purchase price | Total Checkouts | Full call number | Barcode | Date last seen | Price effective from | Koha item type |
|---|---|---|---|---|---|---|---|---|---|---|---|---|---|---|
| Rare Book | St Aloysius Library | St Aloysius Library | 02/17/2021 | 0.00 | 876/15 | 002697 | 02/17/2021 | 02/17/2021 | Book |